<?xml version="1.0" encoding="UTF-8"?><?xml-stylesheet type="text/xsl" href="static/style.xsl"?><OAI-PMH xmlns="http://www.openarchives.org/OAI/2.0/" xmlns:xsi="http://www.w3.org/2001/XMLSchema-instance" xsi:schemaLocation="http://www.openarchives.org/OAI/2.0/ http://www.openarchives.org/OAI/2.0/OAI-PMH.xsd"><responseDate>2026-04-29T07:24:15Z</responseDate><request verb="GetRecord" identifier="oai:repisalud.isciii.es:20.500.12105/16437" metadataPrefix="marc">https://repisalud.isciii.es/rest/oai/request</request><GetRecord><record><header><identifier>oai:repisalud.isciii.es:20.500.12105/16437</identifier><datestamp>2025-04-01T06:48:52Z</datestamp><setSpec>com_20.500.12105_19604</setSpec><setSpec>com_20.500.12105_2051</setSpec><setSpec>col_20.500.12105_19605</setSpec></header><metadata><record xmlns="http://www.loc.gov/MARC21/slim" xmlns:dcterms="http://purl.org/dc/terms/" xmlns:doc="http://www.lyncode.com/xoai" xmlns:xsi="http://www.w3.org/2001/XMLSchema-instance" xsi:schemaLocation="http://www.loc.gov/MARC21/slim http://www.loc.gov/standards/marcxml/schema/MARC21slim.xsd">
   <leader>00925njm 22002777a 4500</leader>
   <datafield ind2=" " ind1=" " tag="042">
      <subfield code="a">dc</subfield>
   </datafield>
   <datafield ind2=" " ind1=" " tag="720">
      <subfield code="a">Coca, Antonio</subfield>
      <subfield code="e">author</subfield>
   </datafield>
   <datafield ind2=" " ind1=" " tag="720">
      <subfield code="a">Castellano, José M</subfield>
      <subfield code="e">author</subfield>
   </datafield>
   <datafield ind2=" " ind1=" " tag="720">
      <subfield code="a">Camafort Babkowski, Miguel</subfield>
      <subfield code="e">author</subfield>
   </datafield>
   <datafield ind2=" " ind1=" " tag="720">
      <subfield code="a">Fuster, Valentín</subfield>
      <subfield code="e">author</subfield>
   </datafield>
   <datafield ind2=" " ind1=" " tag="260">
      <subfield code="c">2023-03-29</subfield>
   </datafield>
   <datafield ind2=" " ind1=" " tag="520">
      <subfield code="a">Triple therapy with lipid‑lowering, antihypertensive, and antiplatelet agents reduces the risk of recurrent cardiovascular fatal and nonfatal events, cardiovascular mortality, and total mortality in secondary prevention. In real life, however, effective implementation of these optimal treatments both in primary and secondary prevention is low, and thus their contribution to cardiovascular prevention is much lower than it could be, based on research data. One of the main barriers to the adequate implementation of these strategies is low adherence to the elevated number of pills, as adherence is adversely affected by the complexity of the prescribed treatment regimen, and can be considerably improved by treatment simplification. This review updates the findings provided by recent epidemiological and clinical studies favoring a polypill‑based approach to cardiovascular prevention. The increased prevalence of patients with multiple cardiovascular risk factors and comorbidities provides the rationale for a therapeutic strategy based on a combination of drugs against different risk factors in a single pill. Pharmacologic studies have demonstrated that different cardiovascular drugs can be combined in a single pill with no loss of their individual efficacy, and this favors adherence to and persistence of treatment, as well as multiple risk factor control. Recently, a randomized clinical trial SECURE (Secondary Prevention of Cardiovascular Disease in the Elderly) has shown a significant, 30% reduction in cardiovascular events, and a 33% reduction in cardiovascular death in patients after myocardial infarction treated with a polypill, as compared with usual care, thus supporting the polypill use as an integral part of any cardiovascular prevention strategy.</subfield>
   </datafield>
   <datafield ind1="8" ind2=" " tag="024">
      <subfield code="a">Pol Arch Intern Med. 2023 Mar 29;133(3):16460.</subfield>
   </datafield>
   <datafield ind1="8" ind2=" " tag="024">
      <subfield code="a">http://hdl.handle.net/20.500.12105/16437</subfield>
   </datafield>
   <datafield ind1="8" ind2=" " tag="024">
      <subfield code="a">36916535</subfield>
   </datafield>
   <datafield ind1="8" ind2=" " tag="024">
      <subfield code="a">10.20452/pamw.16460</subfield>
   </datafield>
   <datafield ind1="8" ind2=" " tag="024">
      <subfield code="a">1897-9483</subfield>
   </datafield>
   <datafield ind1="8" ind2=" " tag="024">
      <subfield code="a">Polish archives of internal medicine</subfield>
   </datafield>
   <datafield ind2="0" ind1="0" tag="245">
      <subfield code="a">Polypill in cardiovascular disease prevention: recent advances.</subfield>
   </datafield>
</record></metadata></record></GetRecord></OAI-PMH>